Naliehavá úloha rozširovať sortiment výroby kombinovaných preglejovaných a vrstvených materiálov

Bibliographic Details
Main Authors: Repka, Peter (drevársky inžinier) (Author), Vargová, Marta (Author), Popík, Michal (Author)
Format: Article
Language:Slovak
PhysicalDescription:Obr. 5. Tb. 2.
Subjects:

MARC

LEADER 00000nab a2200000 a 4500
001 vtls000319655
003 SK-MaSNL
005 20260303235250.0
008 140328c1978 xo 0 slo
015 |a SNBRB19rr/mm-uuuuu 
035 |a CL0009747 
040 |a SNKBUCL  |b slo  |c SNKBUCL  |e AACR2 
041 0 |a slo 
044 |a xo  |c SK 
080 |a 674  |2 1981 
100 1 |a Repka, Peter  |c (drevársky inžinier)  |4 aut  |9 199026 
245 1 0 |a Naliehavá úloha rozširovať sortiment výroby kombinovaných preglejovaných a vrstvených materiálov  |c Peter Repka, Marta Vargová, Michal Popík 
300 |b Obr. 5. Tb. 2. 
650 0 7 |a drevársky priemysel  |2 snkbucl  |9 1117 
650 0 7 |a preglejky  |2 snkbucl  |9 23891 
650 0 7 |a Štátny drevársky výskumný ústav (Bratislava, Slovensko)  |2 snkbucl  |9 923939 
655 7 |a články z novín a časopisov  |2 snkbucl  |9 267496 
700 1 |a Vargová, Marta  |4 aut  |9 952081 
700 1 |a Popík, Michal  |4 aut  |9 1273796 
773 0 |t Drevo  |g Roč. 33, č. 4 (1978), s. 99-104 
850 |a Slovenská národná knižnica v Martine  |a MTA001 
852 |a SNK  |b KIS3GCP 
957 |a 5100 
958 |a RK 
992 |a RBX 
999 |c 2524846  |d 2526776